000 00566nam a2200193Ia 4500
003 LK-CoDNM
008 010623t2003 xxu||||| |||| 00| 1 sin d
040 _aLK-CoDNM
_dLK-CoDNM
_eLK-CoDNM
041 _asin
080 _a902 DHA
100 _aDhammarakkitha himi,Wavuwe
245 _aදානය සහ දානශාලා පුරාණය
246 _aDanaya saha Danasala Puranaya
260 _bHye Jeong Padanama
_aPanadura
_c2003
300 _b132p, 21 cm
700 _aGolukanda,Senarath
_eed.
700 _aRewatha himi,Karaputugala
942 _cBK
999 _c122876
_d122876